| 000 | 01312nas a2200289 i 4500 | ||
|---|---|---|---|
| 001 | 1593 | ||
| 003 | ES-MaACL | ||
| 005 | 20250712063119.0 | ||
| 007 | t| | ||
| 008 | 950801d18681875xxu | | 1 ||ng d | ||
| 022 | _a2836-5402 | ||
| 080 | _a73 | ||
| 245 | 0 | 4 |
_aThe Overland monthly : _ban illustrated magazine of the west. |
| 260 |
_aSan Francisco : _bA. Roman & Co., _c1868-1875 |
||
| 300 |
_a1 volumen : _bilustraciones ; _c25 cm. |
||
| 310 | _aMensual | ||
| 362 | 0 | _aVol. 1, n. 1 (Jul. 1868)-v. 15, n. 6 (Dec. 1875) | |
| 530 | _aDisponible en formato digital | ||
| 650 | 1 | 4 |
_aRevistas de información general. _916896 |
| 655 | 4 |
_2tgfbne _9226866 _aRevistas |
|
| 852 |
_aES-MaACL _cDEPO1 _hDonativo Riaño _jHem-950 |
||
| 856 |
_uhttps://archive.org/details/texts?tab=collection&query=%22The+Overland+monthly%22&page=2&sort=-date&and%5B%5D=collection%3A%22pub_overland-monthly-and-out-west-magazine%22&and%5B%5D=year%3A%221868%22&and%5B%5D=year%3A%221869%22&and%5B%5D=year%3A%221870%22&and%5B%5D=year%3A%221871%22&and%5B%5D=year%3A%221872%22&and%5B%5D=year%3A%221873%22&and%5B%5D=year%3A%221874%22&and%5B%5D=year%3A%221875%22 _yVersión en línea _z(Internet Archive) |
||
| 866 | 0 | _o(1900-01). | |
| 942 |
_2udc _cPERIODICA _n0 |
||
| 999 |
_c1593 _d1593 |
||